| 000 | 01524cad a22002415a 4500 | ||
|---|---|---|---|
| 001 | E147697 | ||
| 008 | 090605e20090304xxkb f s000 0 eng d | ||
| 035 | _a(Sirsi) u147697 | ||
| 041 | 0 | _aeng | |
| 050 | 0 | 4 | _a711.1 $2 18 |
| 100 | 1 | _aRehfisch, Alan | |
| 245 | 0 | 4 |
_aThe national planning framework for Scotland 2 _h[electronic resource] |
| 260 |
_aEdinburgh _bScottish Parliament _c2009 |
||
| 490 | 0 |
_aSPICe Briefing _v(09/15) 4 March 2009 |
|
| 505 | 2 | _aIntroduction -- The National Planning Framework -- The Planning etc (Scotland) Act 2006 -- National Planning Framework 2 -- National Planning Framework for Scotland 2: discussion draft -- Responses to the National Planning Framework for Scotland 2: discussion draft -- National Planning Framework for Scotland 2: proposed framework -- Key changes introduced in the proposed framework -- Parliamentary consideration of the National Planning Framework for Scotland 2: proposed framework -- Next steps -- Sources | |
| 520 | _aSets out the function and contents of the National Planning Framework; looks at the changes introduced by the Planning etc. (Scotland) Act 2006; and discusses the various stages of the introduction of the new National Planning Framework for Scotland 2. | ||
| 521 | _aAdvanced | ||
| 590 | _aKA | ||
| 651 | 4 |
_aScotland _y1999- |
|
| 690 |
_aPlanning and development _96259 |
||
| 856 | 4 | 0 |
_uhttps://www.scottish.parliament.uk/business/research/subject/HouPla.htm _zView the briefing free of charge at www.scottish.parliament.uk... |
| 942 | _n0 | ||
| 999 |
_c109686 _d109686 |
||